Nausicaä Countries Visited Map - Statistics

General Stats
  • This quiz has been taken 31 times
  • The average score is 8 of 9
Answers on the Map
Answers color-coded by a green-red scale on the quiz's map according to % correct below.
 
Answer Stats
Country % Correct
Russia
100%
Azerbaijan
96%
Georgia
96%
Iraq
96%
Turkey
96%
Armenia
92%
Iran
92%
Syria
92%
Kazakhstan
77%
No matching quizzes found
Score Distribution
Percent of People with Each Score
Percentile by Number Answered
Your Score History
You have not taken this quiz